书目信息 |
| 题名: |
镜头下的无声呐喊
|
|
| 作者: | 亚申斯基 , 威尔逊 编著 ;周颖琪 译 | |
| 分册: | ||
| 出版信息: | 北京 中信出版集团股份有限公司 2020 |
|
| 页数: | 280页 | |
| 开本: | 26cm | |
| 丛书名: | ||
| 单 册: | ||
| 中图分类: | J439.5(516) , J4 | |
| 科图分类: | ||
| 主题词: | 野生动物--艺术摄影--摄影集--德国--现代 , 摄影艺术 | |
| 电子资源: | ||
| ISBN: | 978-7-5217-1879-9 | |
| 000 | 01170nam0 2200277 450 | |
| 001 | 2169426557 | |
| 005 | 20211112191720.19 | |
| 010 | @a978-7-5217-1879-9@b精装@dCNY128.00 | |
| 100 | @a20200905d2020 em y0chiy50 ea | |
| 101 | 1 | @achi@cger |
| 102 | @aCN@b110000 | |
| 105 | @aa z 000yy | |
| 200 | 1 | @a镜头下的无声呐喊@9jing tou xia de wu sheng na han@dPhotographers against wildlife crime@f(德)布丽塔·亚申斯基(Britta Jaschinski),(澳)基思·威尔逊(Keith Wilson)编著@g周颖琪译@zeng |
| 210 | @a北京@c中信出版集团股份有限公司@d2020 | |
| 215 | @a280页@d26cm | |
| 330 | @a本书集结全球三十多位顶级摄影师的作品,从不同角度讲述野生动物面临的濒危困境,以及世界各地动物保护组织、民众发起的有意义的抢救行动,通过影像的力量来抵抗野生动物犯罪。 | |
| 510 | 1 | @aPhotographers against wildlife crime@zeng |
| 606 | 0 | @a野生动物@x艺术摄影@x摄影集@y德国@z现代 |
| 606 | 0 | @a摄影艺术 |
| 690 | @aJ439.5(516)@v5 | |
| 690 | @aJ4@v4 | |
| 701 | 0 | @c(德)@a亚申斯基@9ya shen si ji@c(Jaschinski, Britta)@4编著 |
| 701 | 0 | @c(澳)@a威尔逊@9wei er xun@c(Wilson, Keith)@4编著 |
| 702 | 0 | @a周颖琪@9zhou ying qi@c(翻译工作)@4译 |
| 801 | 0 | @aCN@b91MARC@c20200905 |
| 905 | @aZUCC@dJ4@e5 | |
| 镜头下的无声呐喊=Photographers against wildlife crime/(德)布丽塔·亚申斯基(Britta Jaschinski),(澳)基思·威尔逊(Keith Wilson)编著/周颖琪译.-北京:中信出版集团股份有限公司,2020 |
| 280页;26cm |
| ISBN 978-7-5217-1879-9(精装):CNY128.00 |
| 本书集结全球三十多位顶级摄影师的作品,从不同角度讲述野生动物面临的濒危困境,以及世界各地动物保护组织、民众发起的有意义的抢救行动,通过影像的力量来抵抗野生动物犯罪。 |
| ● |
| 相关链接 |
|
|
|
正题名:镜头下的无声呐喊
索取号:J4/5
 
预约/预借
| 序号 | 登录号 | 条形码 | 馆藏地/架位号 | 状态 | 备注 |
| 1 | 2000881342 | 2000881342 | 第三书库/ [索取号:J4/5] | 在馆 | |
| 2 | 2000881343 | 2000881343 | 第三书库/ [索取号:J4/5] | 在馆 | |
| 3 | 2000881344 | 2000881344 | 第三书库/ [索取号:J4/5] | 在馆 |